Rush - Limelight lyrics - Statistics

General Stats
  • This quiz has been taken 36 times
    35 since last reset
  • The average score is 3 of 6
Answer Stats
Lyrics Lyrics % Correct
Cast in this unlikely role Ill-equipped to act with insufficent tact one must put up barriers to keep oneself intact
76%
Living in a fish eye lens caught in the camera eye I have no heart to lie I cant pretend a stranger is a long awaited friend
59%
All the worlds indeed a stage and we are merely players, performers and portrayers each anothers audience outside the gilded cage
45%
Living on a lighted stage approaches the unreal for those who think and feel in touch with some reality beyond the gilded cage
41%
Living in the limelight the universal dream for those who wish to seem, those who wish to be must put aside the alienation get on with the fascination, the real relation, the underlying theme
34%
Living in the limelight the universal dream for those who wish to seem for those who wish to be (x2) must put aside the alienation get on with the fascination, the real relation, the underlying theme
0%
No matching quizzes found
Score Distribution
Percent of People with Each Score
Percentile by Number Answered
Your Score History
You have not taken this quiz since the last reset